000 02330nam a2200469 i 4500
003 BO-EaUP
005 20260428171736.0
008 260428t2022 ck ad r 001 0 spa d
020 _a978-958-503-388-7
040 _aBO-EaUP
_cBiblioteca admiempresas
_eRDA
_bspa
041 1 _aspa
_hspa
043 2 _an-sp
082 0 4 _a658.05
_221
092 _a658.05
_SM828t
100 1 _aMorales Castro, Arturo
_eAutor
_929
245 _aTrasformación digital en las empresas : un enfoque desde la administración de la teoría a la práctica / /
_bArturo Morales
250 _aPrimera edición
260 _aBogotá, Colombia:
_bEcoe Ediciones,
_c2022
264 _c.
300 _axvii, 251 páginas ;
_bilustraciones (blanco y negro), figuras, tablas ;
_c17 x 24 centímetros.-- (Ciencias empresariales. Administración) ;
_fRústico ;
_gTamaño carta
336 _2rdacontent
_atexto
_btxt
337 _ano mediado
_bn
_2rdamedia
338 _avolumen
_bnc
_2rdacarrier
505 2 _aCapítulo 1. Administración y Tecnología.-
505 2 _aCapítulo 2. La Administración con Microsoft Office 365.-
505 2 _aCapítulo 3. Administración de Proyectos Digitales.-
505 2 _aCapítulo 4. La Planeación.-
505 2 _aCapítulo 5. La Organización.-
505 2 _aCapítulo 6. La Dirección.-
505 2 _aCapítulo 7. El control.-
505 2 _aCapítulo 8. La Empresa y sus Áreas funcionales.-
505 2 _aCapítulo 9. administración Ágil de la Tecnología.-
505 2 _aCapítulo 10. La empresa y el control digital.-
520 _aEste libro es un referente muy novedoso al combinar la administración estratégica en cada una de sus etapas administrativas con el uso de programas tecnológicos informáticos como Microsoft Office, con toda su vasta cadena de herramientas, muchas de ellas poco utilizadas, pero donde los autores remarcan cómo se pueden utilizar en cada etapa administrativa, e incluso por áreas funcionales: producción, mercadotecnia, finanzas, recursos humanos.
650 1 4 _aADMINISTRACIÓN DE EMPRESAS
_91951
_vprocesamiento de datos
650 1 4 _aINNOVACIÓN TECNOLÓGICA
_9113
653 _aMICRSOFT OFFICE
653 _aPROGRAMAS PARA COMPUTADOR
653 _aPROCESAMIENTO DE DATOS
653 _aCIENCIAS EMPRESARIALES
942 _2ddc
_cBK
_n0
_e21
999 _c5498
_d5498